000 00689cad a22002055a 4500
001 E144000
008 080611s2001 xxk f 000 0 eng d
035 _a(Sirsi) u144000
041 0 _aeng
110 2 _aScotland
_kLaws, etc
245 0 0 _aAbolition of Poindings and Warrant Sales Act 2001
_b(asp 1)
_h[electronic resource]
260 _aEdinburgh
_bTSO
_c2001
300 _a8p.
_c24cm.
490 0 _aCurrent Law Statutes
_vasp 1
650 2 4 _aABOLITION OF POINDINGS AND WARRANT SALES ACT 2001
651 4 _aScotland
_y1999-
690 _aPROPERTY
856 4 0 _uhttps://www.opsi.gov.uk/legislation/scotland/s-acts2001a
_zView the Act free of charge at www.opsi.gov.uk...
942 _n0
999 _c108338
_d108338